000 00969nam a2200265Ia 4500
008 130821s2001 enka gr eng
020 _a340741228
020 _a9780340741221
040 _aCo-BoUCM
_bspa
041 0 0 _aeng
100 1 _aEveritt, Brian S.
_9165921
245 1 0 _aApplied multivariate data analysis
_cBrian S. Everitt y Graham Dunn
250 _a2nd ed.
260 _aLondres (Inglaterra)
_bArnold Oxford University Press
_c2001
300 _ax, 342 páginas
_bgráficas
504 _aIncluye referencias bibliográficas e índice.
650 0 4 _aAnálisis de varianza
_98975
650 0 4 _aAnálisis multivariante
_99012
650 0 4 _aEstadística matemática
_914994
650 0 4 _aMatemáticas
_919031
700 1 _aDunn, G.
_q(Graham)
_d1949-
_9165922
856 4 2 _zTabla de Contenido
_uhttp://www.loc.gov/catdir/enhancements/fy0611/2001276408-t.html
942 _cLIBRO
_a25
_e2
_mE934a
_2DEWEY
_h519.535
999 _c63808
_d63808